Bilecik Bilecik Bilecik Bilecik Bilecik

Geliştirilmiş yerçekimsel arama algoritması/ (Record no. 64570)

MARC details
000 -BAŞLIK
Sabit Uzunluktaki Kontrol Alanı 01139nam a22003137a 4500
001 - KONTROL NUMARASI
Control Dosyası T0000019
003 - KONTROL NUMARASI KİMLİĞİ
Kontrol Alanı KOHA_MİRAKIL
005 - EN SON İŞLEM TARİHİ ve ZAMANI
Kontrol Alanı 20260207004504.0
007 - FİZİKSEL TANIM SABİT ALAN - GENEL BİLGİ
Sabit uzunluklu kontrol alanı ta
008 - SABİT UZUNLUKTAKİ VERİ ÖGELERİ - GENEL BİLGİ
Sabit Alan 190402b2011 xx |||grm|||#0|||0|tur |
040 ## - KATALOGLAMA KAYNAĞI
Özgün Kataloglama Kurumu TR-BiSEU
Kataloglama Dili tur
Çeviri Kurumu TR-BiSEU
Açıklama Kuralları rda
041 0# - DİL KODU
Metin ya da ses kaydının dil kodu tur
050 00 - SINIFLAMA ve YER NUMARASI
Sınıflama Numarası Tez
Yer Numarası 19
100 1# - KİŞİ ADI
Yazar Adı (Kişi adı) Kazak, Nihan.
245 1# - ESER ADI BİLDİRİMİ
Başlık Geliştirilmiş yerçekimsel arama algoritması/
Sorumluluk Bildirimi Nihan Kazak ; Nihan Kazak; danışman Alpaslan Duysak.
264 #1 - ÜRERİM, YAYIN, DAĞITIM ve TELİF BİLDİRİMİ
Yayın yeri Bilecik :
Yayınlayan Bilecik Üniversitesi
Yayın tarihi 2011
300 ## - FİZİKSEL TANIMLAMA
Sayfa, Cilt vb. XII, 50 sayfa: grafik; 30 cm.+1 CD-ROM
336 ## - İÇERİK TÜRÜ
Content type term metin
Content type code txt
Source rdacontent
337 ## - MEDYA TÜRÜ
Media type term aracısız
Media type code n
Source rdamedia
338 ## - TAŞIYICI TÜRÜ
Carrier type term cilt
Carrier type code nc
Source rdacarrier
500 ## - GENEL NOT
Genel Not Ref. No: 410813
500 ## - GENEL NOT
Genel Not Kaynakça var.
500 ## - GENEL NOT
Genel Not İngilizce Eser Adı: Improved gravitational search algorithm
502 ## - TEZ NOTU
Tez Notu Tez (Yüksek Lisans) -- Bilecik Üniversitesi Fen Bilimleri Enstitüsü Bilgisayar Mühendisliği Anabilim Dalı, Bilecik, .
650 #0 - KONU BAŞLIĞI EK GİRİŞ - KONU TERİMİ
Konusal terim veya coğrafi ad Optimizasyon--Üye-uydu algoritması.
9 (RLIN) 118835
650 #0 - KONU BAŞLIĞI EK GİRİŞ - KONU TERİMİ
Konusal terim veya coğrafi ad Optimization--Member-satellite algorithm.
9 (RLIN) 118836
856 40 - ELEKTRONİK YER ve ERİŞİM
Kaynak Tanımlayıcı (URL) <a href="http://acikkaynak.bilecik.edu.tr/xmlui/handle/11552/84">http://acikkaynak.bilecik.edu.tr/xmlui/handle/11552/84</a>
907 ## - LOCAL DATA ELEMENT G, LDG (RLIN)
a Yüksek Lisans
942 ## - EK GİRİŞ ÖGELERİ (KOHA)
Source of classification or shelving scheme Library of Congress Classification
Koha item type Thesis
Holdings
Materyal Türü Kalıcı Konum Mevcut Konum Raf Yeri Sınıflandırma Kaynağı Edinim Bilgisi Yer Numarası Demirbaş Numarası Fatura Tarihi Geri Çekilme Durumu Kayıp Durumu Hasarlı Durumu Kredi için değil Kayıt Tarih Toplam Ödünçverme Son Görülme Tarihi Son Kontrol Tarihi
Thesis Prof. Dr. Azmi Özcan Kütüphanesi Prof. Dr. Azmi Özcan Kütüphanesi Depo Library of Congress Classification Bağış Tez/19 T0000019 02/02/2026         02/04/2019   14/01/2025 14/01/2025